Score 0/25 Timer 08:00
7 Plays Today
Clue Answer % Correct
Dan Marino or Tom Brady, when on the football fieldQuarterback
98.1%
Coca-Cola's are in Atlanta. Kellogg's are in Battle CreekHeadquarters
87.6%
The posterior end of a four-footed animalHindquarters
83%
A publication with a new issue every 3 monthsQuarterly
82.9%
In sports, the round of playoffs when eight teams remainQuarterfinals
82.7%
Area of New Orleans also known as the Vieux CarréFrench Quarter
81%
As Pulp Fiction told us, in France, this McDonald's sandwich known as a RoyaleQuarter Pounder
78.7%
In music, '♩' is the symbol for thisQuarter note
73.1%
Most common length of a drag racing courseQuarter mile
72.5%
In land armies, one who is responsible for supplies and provisions, including foodQuartermaster
63.2%
Most popular equine breed in the United States, used for both racing and ranch workAmerican Quarter Horse
62.5%
Official name of the US coin with George Washington on itQuarter dollar
59.9%
A raised level behind the main mast of a sailing ship, usually where the captain commanded fromQuarterdeck
41.9%
Clue Answer % Correct
A unit of 2 US fluid ouncesQuarter cup
35.1%
Track from Led Zeppelin's 'Houses of the Holy'. The title refers to a military term for refusing mercy to the losing side.No Quarter
33.3%
A wooden pole, usually 2 to 3 meters in length, used as a weaponQuarterstaff
31.3%
A wealthy and eccentric family from longest-running American soap opera, General HospitalThe Quartermaines
26%
In the book 'Catching Fire', a special Hunger Games that only occurs once every 25 yearsQuarter Quell
24.7%
Lunar phase between the new and full moonFirst quarter
23.6%
Written out in words, the track from which the Hogwarts Express departs King's Cross StationNine and three quarters
18.3%
Seattle pop/rock band who reached the top ten in 1983 with 'Harden My Heart'Quarterflash
18.1%
One way to refer to a pitch halfway between D and E-flatQuarter tone
15.4%
A portion of the 5th and the 6th arrondissements of Paris, known for its student lifeLatin Quarter
13.1%
Full name of the character played by Jan Smithers in 'WKRP in Cincinnati'Bailey Quarters
12.4%
A song from the musical '42nd Street' sung by Dorothy and Peggy or ~8:45About a Quarter to Nine
5.3%
Remove Ads.
Support Sporcle.
Get the best of Sporcle when you Go Orange. This ad-free experience offers more features, more stats, and more fun while also helping to support Sporcle. Thank you for becoming a member.

You're not logged in!

Compare scores with friends on all Sporcle quizzes.
OR
Log In

Show Comments

Extras

Top Quizzes Today


Score Distribution

Your Account Isn't Verified!

In order to create a playlist on Sporcle, you need to verify the email address you used during registration. Go to your Sporcle Settings to finish the process.

Report this User

Report this user for behavior that violates our Community Guidelines.

Details: